000 00427nam a2200133Ia 4500
005 20260328101450.0
008 260328s9999||||xx |||||||||||||| ||und||
100 _aVillar Lozano, Mayerly Rosa
245 0 _aTransformaciones Urbanas en Bogotá 1930 -1948 :
_b Incidencia de la mentalidad colectiva /
_cMayerly Rosa Villar Lozano
260 _bUniversidad la Gran Colombia
300 _a170 p.
650 _aURBANISMO
942 _cBK
999 _c8615
_d8615